000
00341nam a2200133Ia 4500
003
PILC
008
220421s2004 xx 000 0 und d
040
_c
EARIST LIBRARY
100
_a
Deveza, Ramon T.et al
_9
1090
245
0
_a
Quantitative Techniques for Business /
260
_a
Manila,
_b
Rex :
_c
2004.
999
_c
2517
_d
2517
942
_2
ddc
_c
BK